| 000 -LEADER |
| fixed length control field |
01034cam a2200229 a 4500 |
| 020 ## - INTERNATIONAL STANDARD BOOK NUMBER |
| ISBN |
9781118011614 (cloth) |
| 020 ## - INTERNATIONAL STANDARD BOOK NUMBER |
| ISBN |
1118011619 (cloth) |
| 040 ## - CATALOGING SOURCE |
| Transcribing agency |
BTCTA |
| 082 04 - DEWEY DECIMAL CLASSIFICATION NUMBER |
| Classification number |
658 JOH 2011 A113 Or. |
| 100 1# - MAIN ENTRY--AUTHOR NAME |
| Personal name |
Dunn, Michelle A. |
| 245 14 - TITLE STATEMENT |
| Title |
The guide to getting paid : |
| Remainder of title |
weed out bad paying customers, collect on past due balances, and avoid bad debt / |
| 246 30 - VARYING FORM OF TITLE |
| Title proper/short title |
Getting paid |
| 246 30 - VARYING FORM OF TITLE |
| Title proper/short title |
Weed out bad paying customers, collect on past due balances, and avoid bad debt |
| 260 ## - PUBLICATION, DISTRIBUTION, ETC. (IMPRINT) |
| Place of publication |
Hoboken, N.J. : |
| Name of publisher |
John Wiley & Sons, |
| Year of publication |
c2011. |
| 300 ## - PHYSICAL DESCRIPTION |
| Number of Pages |
xvii, 204 p. ; |
| Dimensions |
24 cm. |
| 500 ## - GENERAL NOTE |
| General note |
Includes index. |
| 520 ## - SUMMARY, ETC. |
| Summary, etc |
Discusses how to set up an efficient in-house credit policy that not only lets you collect more debts, but also boost sales, increase cash flow, and grow profits. These step-by-step credit management instructions also contain all needed forms to set up and implement an effective credit policy. |
| 650 #0 - SUBJECT ADDED ENTRY--TOPICAL TERM |
| Topical Term |
Collecting of accounts. |
| 650 #0 - SUBJECT ADDED ENTRY--TOPICAL TERM |
| Topical Term |
Accounts receivable |
| 650 #0 - SUBJECT ADDED ENTRY--TOPICAL TERM |
| Topical Term |
Credit |
| 942 ## - ADDED ENTRY ELEMENTS (KOHA) |
| Koha item type |
សៀវភៅភាសាអង់គ្លេស |
| 952 ## - LOCATION AND ITEM INFORMATION (KOHA) |
| Withdrawn status [LOCAL, KOHA] |
0 |